000 00737nam a22002177a 4500
005 20240327144746.0
010 _aENG-139748 ENG-139962
020 _a9788181715708
_c3515.00
035 _aEN-123280
035 _aEN-123494
037 _bDBAD/PUB
082 _a574.9543
_21
100 _a Chandra kailash
_964006
245 _aCurrent status of faunal diversity in telangana/
_cBy Kailash chandra
260 _aKolkata
_bZoological survey of India
_c2021
270 _bKolkata
_aM-Block,New alipore, Kolkata
_e700025
300 _a379p.
_c24cm(pbk)
700 _aKailash chandra
_963493
710 _aDeepa Jaiswal , C.Raghunathan, S.S.Jadhav & M.Karuthapandi
_eAuthors
_963494
942 _2ddc
_cEN
_mKai
_h574.9543
999 _c201558
_d201558